| 000 | 00499nam a22001817a 4500 | ||
|---|---|---|---|
| 003 | CEME | ||
| 005 | 20210628205244.0 | ||
| 008 | 210204b xxu||||| |||| 00| 0 eng d | ||
| 020 | _a0-07-135479-4 | ||
| 040 | _c. | ||
| 082 | _a629.89 IOV | ||
| 100 |
_aIovine, John _969062 |
||
| 245 | _aPIC MICROCONTROLLER PROJECT BOOK,19y4nsig8kkzwwjmd17eueaq5perpwxwkp | ||
| 260 |
_aNEW YORK _bMCGRAW HILL _c2000 |
||
| 300 | _aIX,204P | ||
| 650 |
_aPIC MICROCONTROLLER PROJECT BOOK _969063 |
||
| 942 |
_cBK _2ddc |
||
| 999 |
_c580128 _d580128 |
||